Elder Scrolls Online Knowledge Quiz - Statistics

General Stats
  • This quiz has been taken 38 times
  • The average score is 10 of 18
Answer Stats
Hint Answer % Correct
What is the name of the Nord, Dunmer(dark elf), and Argonian alliance Ebonheart Pact
90%
What is the name of the Altmer(high elf), Bosmer(wood elf), and khajiit alliance Aldmeri Dominion
84%
What is the name of the Breton, Redguard, and Orc alliance Daggerfall Covenant
77%
What era is the game taking place in Second
77%
What province can you participate in alliance war Cyrodiil
74%
What is Molag Bal's plane in Oblivion Coldharbour
68%
What war is going on in the game 3 banners war
55%
What guild has a mission to fight the daedra Fighters guild
55%
What are you called in the main quest Vestige
52%
Who is the leader of the Daggerfall Covenant High King Emeric
42%
What is the starting zone for the Aldmeri Dominion(First spot out of coldharbour) Khenarthi's Roost
42%
What is the starting zone for the daggerfall covenant alliance(First spot out of coldharbour) Stros M'Kai
42%
What item has the most importance in the main quest Amulet of Kings
39%
Who founded the mages guild Vanus Galerion
39%
Who is the leader of the Aldmeri Dominion Queen Ayrenn
35%
What is the starting zone for the ebonheart pact alliance(First spot out of coldharbour) Bleakrock Isle
32%
What area in High Rock is a vampire civil war going on Rivenspire
29%
Who is the leader of the Ebonheart Pact Jorunn the Skald-King
23%
No matching quizzes found
Score Distribution
Percent of People with Each Score
Percentile by Number Answered
Your Score History
You have not taken this quiz